| 000 | 00836cad a22002295a 4500 | ||
|---|---|---|---|
| 001 | E147300 | ||
| 008 | 090428s2009 xxk f s000 0 eng d | ||
| 020 | _a9780755980079 | ||
| 035 | _a(Sirsi) u147300 | ||
| 041 | 0 | _aeng | |
| 050 | 0 | 4 | _a630.09411 $2 18 |
| 110 | 2 |
_aScotland _bScottish Government _95344 |
|
| 245 | 0 | 0 |
_aRural funding _bopportunities guide _h[electronic resource] |
| 260 |
_aEdinburgh _bScottish Government _c2009 |
||
| 520 | _aProvides information and contact points for sources of funding for community projects in rural areas. | ||
| 521 | _aIntroductory | ||
| 590 | _aKA | ||
| 651 | 4 |
_aScotland _y1999- |
|
| 690 | _aENVIRONMENTAL AND LAND CONSULTANCY-AGRIBUSINESS | ||
| 856 | 4 | 0 |
_uhttps://www.scotland.gov.uk/Publications/2009/04/20114132/0 _zView the guide free of charge at www.scotland.gov.uk... |
| 942 | _n0 | ||
| 999 |
_c109512 _d109512 |
||